[Event "Cochabamba GP op 4th"]
[Site "Cochabamba"]
[Date "2023.09.07"]
[Round "1"]
[White "Chipana, Gabriel"]
[Black "Apaza Chambi, Deuel Gael"]
[Result "1-0"]
[WhiteElo "1838"]
[BlackElo "1171"]
[PlyCount "41"]
[EventDate "2023.09.07"]
[EventType "swiss"]
[EventRounds "7"]
[EventCountry "BOL"]
[SourceTitle "EXT 2024"]
[Source "ChessBase"]
[SourceDate "2023.10.10"]
[SourceVersion "1"]
[SourceVersionDate "2023.10.10"]
[SourceQuality "1"]

1. e4 c5 2. Nf3 Nc6 3. d4 cxd4 4. Nxd4 e5 5. Nb5 a6 6. Nd6+ Bxd6 7. Qxd6 Qf6 8. Qd2 Nge7 9. c4 0-0 10. Nc3 Nd4 11. Bd3 Ng6 12. Nd5 Qc6 13. 0-0 Qd6 14. b4 Nh4 15. Qe3 Qg6 16. Ne7+ Kh8 17. Nxg6+ fxg6 18. f4 Nc6 19. Bb2 exf4 20. Rxf4 g5 21. Rxf8# 1-0

[Event "Cochabamba op 6th"]
[Site "Cochabamba"]
[Date "2023.03.03"]
[Round "4"]
[White "Chipana, Gabriel"]
[Black "Titichoca Daza, Daniel Henry"]
[Result "0-1"]
[WhiteElo "1866"]
[BlackElo "2193"]
[PlyCount "86"]
[EventDate "2023.03.02"]
[EventType "swiss"]
[EventRounds "7"]
[EventCountry "BOL"]
[SourceTitle "CBM 213 Extra"]
[Source "ChessBase"]
[SourceDate "2023.05.31"]
[SourceVersion "1"]
[SourceVersionDate "2023.05.31"]
[SourceQuality "1"]

1. e4 c5 2. Nf3 a6 3. c4 e6 4. d4 cxd4 5. Nxd4 Nf6 6. Nc3 Qc7 7. Be2 Bb4 8. f3 Nc6 9. Be3 Bxc3+ 10. bxc3 Ne5 11. Qb3 d6 12. Rb1 Nfd7 13. 0-0 0-0 14. Rfd1 Rb8 15. Rd2 b6 16. Rbd1 Bb7 17. Nc2 Nc5 18. Qb2 Rfd8 19. Na3 Bc6 20. Bf1 Ba4 21. Rb1 Rf8 22. Qb4 Nc6 23. Qb2 Qe7 24. Qc1 Ne5 25. Qe1 Qc7 26. Qg3 f5 27. exf5 Rxf5 28. Bd4 Rbf8 29. Be2 Ng6 30. Re1 Nf4 31. Bf1 e5 32. Bf2 h5 33. h4 R8f6 34. Kh1 Rg6 35. Qh2 Bc6 36. Re3 Rf8 37. g3 Nfe6 38. Bg2 Rgf6 39. Nc2 Bxf3 40. Bxf3 Rxf3 41. Rxf3 Rxf3 42. Ne3 Ne4 43. Rc2 Nxf2+ 0-1

[Event "Cochabamba op 6th"]
[Site "Cochabamba"]
[Date "2023.03.02"]
[Round "2"]
[White "Chipana, Gabriel"]
[Black "Fernandez Rocha, Mariana Abigail"]
[Result "1-0"]
[WhiteElo "1866"]
[BlackElo "1142"]
[PlyCount "93"]
[EventDate "2023.03.02"]
[EventType "swiss"]
[EventRounds "7"]
[EventCountry "BOL"]
[SourceTitle "CBM 213 Extra"]
[Source "ChessBase"]
[SourceDate "2023.05.31"]
[SourceVersion "1"]
[SourceVersionDate "2023.05.31"]
[SourceQuality "1"]

1. e4 e6 2. d4 d5 3. Nd2 c5 4. exd5 exd5 5. Ngf3 Nf6 6. Bb5+ Bd7 7. Bxd7+ Qxd7 8. Qe2+ Be7 9. dxc5 0-0 10. 0-0 Bxc5 11. Nb3 Bb6 12. c3 Nc6 13. Qd3 Qd6 14. Bg5 Rad8 15. Rad1 Ne4 16. Bxd8 Rxd8 17. g3 Ne5 18. Nxe5 Qxe5 19. Kg2 Qh5 20. f3 Ng5 21. h4 Ne6 22. Rfe1 h6 23. f4 Qg4 24. Qf3 Qxf3+ 25. Kxf3 Nc5 26. Nxc5 Bxc5 27. Re5 b6 28. Rexd5 Rxd5 29. Rxd5 Kf8 30. Rd7 b5 31. Rd5 Bb6 32. Rxb5 Ke7 33. Rxb6 axb6 34. Ke4 Kd6 35. b4 g6 36. g4 Kc6 37. a4 Kd6 38. a5 bxa5 39. bxa5 Kc5 40. Ke5 Kb5 41. Kf6 Kxa5 42. Kxf7 Kb5 43. Kxg6 Kc4 44. f5 Kxc3 45. f6 Kd4 46. f7 Ke5 47. f8Q 1-0